Normal view
MARC view
Entry Personal Name
001 - CONTROL NUMBER
- control field: 17422
003 - CONTROL NUMBER IDENTIFIER
- control field: ARRUPE
005 - DATE AND TIME OF LATEST TRANSACTION
- control field: 20150421180653.0
008 - FIXED-LENGTH DATA ELEMENTS
- fixed length control field: 150421|| aca||aabn | a|a d
040 ## - CATALOGING SOURCE
- Original cataloging agency: ARRUPE
- Transcribing agency: ARRUPE
100 ## - HEADING--PERSONAL NAME
- Personal name: Malville, Kim
670 ## - SOURCE DATA FOUND
- Source citation: Work cat.: (ARRUPE): Malville, Kim , A Father for Daedalus , 1975